00303nam a22001097a 4500040000900000082002300009100000800032245008500040260002600125300001100151650003100162 cNUST a341.584b GHQ 201100aGHQ aSpirit of peace 50 Years of peacekeeping around the globe by Pakistan Army cGHQ aRawalpindibGHQc2011 a157 p, 2Pakistan Army-Peacekeeping